Normal view
MARC view
- Cantoral Uriza, Ricardo
Entry Nombre Personal
001 - NUMERO DE CONTROL
- campo de control: 37544
003 - IDENTIFICADOR DE NUMERO DE CONTROL
- campo de control: UPN
005 - FECHA Y HORA DE LA ÜLTIMA TRANSACCIÓN
- campo de control: 20210219194526.0
008 - DATOS DE LONGITUD FIJA
- campo de control de longitud fija: nabaccnnaabn|||||||||| b |nc|||||d
035 ## - NUMERO DE CONTROL
- Número de control: UPN11000009651
040 ## - FUENTE DE CATALOGACIÓN
- Lenguaje de catalogación: SPA
- Agencia de transcripción: UPN
100 1# - ENCABEZAMIENTO - NOMBRE PERSONAL
- Nombre personal: Cantoral Uriza, Ricardo
670 ## - FUENTE EN LA QUE SE LOCALIZARON DATOS
- Cita de la fuente: T
- Información localizada: Teoría socioepistemológica de la matemática educativa : estudios sobre construcción social del conocimiento
680 ## - NOTA PUBLICA DE ACCESO PÚBLICO
- Frase explicativa de la referencia: México. Dr. en el CINVESTAV. Referente internacional de la Escuela Latinoamericana de Matemática Educativa. Jefe del Depto. de Matemática Educativa del CINVESTAV.
902 ## - CATALOGADOR
- Catalogador: emr/260815
